000
00197 a2200097 4500
020
_a
9781454925187
041
_a
eng
100
_a
Clive Gifferd
245
_a
Around the world in Numbers
942
_c
K
999
_c
31334
_d
31332